000 00715nam a22002537a 4500
003 CHAP
005 20220329135806.0
008 971013s1993 r 00010 d
010 _a42245
011 _a43217
035 _a47353
040 _cCHAP
082 _a036
_bC3
245 _aCambridge Paperback encyclopedia
260 _aLondon :
_bCambridge University,
_c1993
300 _a965 p.
590 _aBATCH-UPD
_b10
_c20130110
_lUCH01
_h1850
590 _aCONVERSION
_b10
_c20130109
_lUCH01
_h1323
650 1 4 _aEnciclopedias y diccionarios.
_936750
700 0 _aCrystal, David
_eed.
_929673
901 _aBK
942 _cLIBRO
949 _a036 C3
_bBC
_cC
_d33724000464590
_eC
_gI.c/e
_h88922
_i47353
_si
_t70.45
999 _c42245
_d42245